| 000 | 00891cam a2200229 i 4500 | ||
|---|---|---|---|
| 001 | 2800111 | ||
| 005 | 20250630104918.0 | ||
| 008 | 810305s1978 stk 000 0 grc | ||
| 020 | _a056701021X | ||
| 041 | 0 | _agrceng | |
| 050 | 0 | 0 |
_aBS2302 _b.M8 1978 |
| 082 | 0 | 0 |
_a225.48 _219 |
| 100 | 1 |
_aMoulton, W. F. _q(William Fiddian), _d1835-1898. |
|
| 245 | 1 | 2 |
_aA concordance to the Greek Testament, according to the texts of Westcott and Hort, Tischendorf, and the English revisers / _cedited by W.F. Moulton and A.S. Geden. |
| 250 |
_a5th ed. / _brev. by H.K. Moulton. |
||
| 260 |
_aEdinburgh : _bT.&T. Clark, _c1978. |
||
| 300 |
_axvi, 1110 p. ; _c24 cm. |
||
| 500 | _a"With supplement according to the text of the United Bible Societies' third edition." | ||
| 700 | 1 |
_aGeden, Alfred Shenington, _d1857-1936, _ejoint author. |
|
| 700 | 1 |
_aMoulton, H. K. _q(Harold Keeling) |
|
| 942 |
_2lcc _cBK _n0 |
||
| 999 |
_c6779 _d6779 |
||